书目信息 |
| 题名: |
供应链物流平衡分析
|
|
| 作者: | 王瑛 , 孙林岩 编著 | |
| 分册: | ||
| 出版信息: | 北京 清华大学出版社 2005 |
|
| 页数: | 204页 | |
| 开本: | 23cm | |
| 丛书名: | 物流供应链丛书 | |
| 单 册: | ||
| 中图分类: | F252.21 | |
| 科图分类: | ||
| 主题词: | 物资供应--物资管理--经济分析--高等学校--教材 | |
| 电子资源: | ||
| ISBN: | 7-302-11038-7 | |
| 000 | 01542nam0 2200349 450 | |
| 000 | 01505nam0 2200337 450 | |
| 000 | 01469nam0 2200337 450 | |
| 000 | 01415nam0 2200313 450 | |
| 000 | 01433nam0 2200301 450 | |
| 000 | 01396nam0 2200289 45 | |
| 001 | TSC-144863 | |
| 005 | 20070112090216.18 | |
| 010 | @a7-302-11038-7@dCNY25.00 | |
| 100 | @a20060829d2005 ekmy0chiy0121 ea | |
| 101 | 0 | @achi |
| 102 | @aCN@b110000 | |
| 105 | @aa a 000yy | |
| 200 | 1 | @a供应链物流平衡分析@AGong Ying Lian Wu Liu Ping Heng Fen Xi@f王瑛,孙林岩编著@FWang Ying, Sun Lin Yan Bian Zhu |
| 210 | @a北京@c清华大学出版社@d2005 | |
| 215 | @a204页@c图@d23cm | |
| 225 | 2 | @a物流供应链丛书 |
| 320 | @a有书目 | |
| 330 | @a本书提出了供应链中物流供需平衡的三维结构体系,以供应链最基本的三元组:供应商、制造商和分销商为研究单元,分析了造成物流供需不平衡的5个主要原因:产销双方对供求信息掌握的不对称性、多级库存、产销目标冲突、物流途中延迟、需求的不确定性,针对每一种原因,分别提出了解决问题的方案和对策。全书重点研究了物流供需平衡的三维结构体系、供应链伙伴间的信息共享、多级库存管理与控制、产销系统集成与优化、集成专业化的第三方物流、制造商需求预测等方面的内容。 | |
| 410 | 0 | @12001 @a物流供应链丛书 |
| 606 | 0 | @a物资供应@x物资管理@x经济分析@x高等学校@x教材 |
| 690 | @aF252.21@v4 | |
| 701 | 0 | @a王瑛@AWang Ying@4编著 |
| 701 | 0 | @a孙林岩@ASun Lin Yan@4编著 |
| 801 | 0 | @aCN@b中图数据@c20070112 |
| 905 | @a10447@dF252.21@e57 | |
| 供应链物流平衡分析/王瑛,孙林岩编著.-北京:清华大学出版社,2005 |
| 204页:图;23cm.-(物流供应链丛书) |
| ISBN 7-302-11038-7:CNY25.00 |
| 本书提出了供应链中物流供需平衡的三维结构体系,以供应链最基本的三元组:供应商、制造商和分销商为研究单元,分析了造成物流供需不平衡的5个主要原因:产销双方对供求信息掌握的不对称性、多级库存、产销目标冲突、物流途中延迟、需求的不确定性,针对每一种原因,分别提出了解决问题的方案和对策。全书重点研究了物流供需平衡的三维结构体系、供应链伙伴间的信息共享、多级库存管理与控制、产销系统集成与优化、集成专业化的第三方物流、制造商需求预测等方面的内容。 |
| ● |
| 相关链接 |
|
|
|
|
正题名:供应链物流平衡分析
索取号:F252.21/57
 
预约/预借
| 序号 | 登录号 | 条形码 | 馆藏地/架位号 | 状态 | 备注 |
| 1 | 0613273 | 206132736 | 第一样本阅览室/ [索取号:F252.21/57] | 在馆 | |
| 2 | 0613274 | 206132745 | 第一借阅区/ [索取号:F252.21/57] | 在馆 | |
| 3 | 0613275 | 206132754 | 第一借阅区/ [索取号:F252.21/57] | 在馆 | |
| 4 | 0613276 | 206132763 | 第一借阅区/ [索取号:F252.21/57] | 在馆 | |
| 5 | 0613277 | 206132772 | 第一借阅区/ [索取号:F252.21/57] | 在馆 |